|
|
|
|
| LEADER |
00000cam a22000002c 4500 |
| 001 |
1099760216 |
| 003 |
DE-627 |
| 005 |
20251204011803.0 |
| 007 |
tu |
| 008 |
920904s1981 xx ||||| m 00| ||ger c |
| 024 |
8 |
|
|a 016624
|q Sonstige Nr.
|
| 035 |
|
|
|a (DE-627)1099760216
|
| 035 |
|
|
|a (DE-576)029760216
|
| 035 |
|
|
|a (DE-599)BSZ029760216
|
| 035 |
|
|
|a (OCoLC)311605519
|
| 040 |
|
|
|a DE-627
|b ger
|c DE-627
|e rakwb
|
| 041 |
|
|
|a ger
|
| 100 |
1 |
|
|8 1\p
|a Wigger, Bernd
|0 (DE-588)172464366
|0 (DE-627)697403203
|0 (DE-576)133326047
|4 aut
|
| 109 |
|
|
|a Wigger, Bernd
|
| 245 |
1 |
0 |
|a Entwicklung der Alkoholdelinquenz zwischen 1970 und 1976 unter besonderer Berücksichtigung Jugendlicher von 16-20 Jahren
|c Bernd Wigger
|
| 264 |
|
1 |
|c 1981
|
| 300 |
|
|
|a 81 S.
|
| 336 |
|
|
|a Text
|b txt
|2 rdacontent
|
| 337 |
|
|
|a ohne Hilfsmittel zu benutzen
|b n
|2 rdamedia
|
| 338 |
|
|
|a Band
|b nc
|2 rdacarrier
|
| 502 |
|
|
|a Aachen, Techn.Hochsch., Med.Fak., Diss.
|
| 583 |
1 |
|
|a Archivierung prüfen
|c 20200919
|f DE-640
|z 2
|2 pdager
|
| 655 |
|
7 |
|a Hochschulschrift
|0 (DE-588)4113937-9
|0 (DE-627)105825778
|0 (DE-576)209480580
|2 gnd-content
|
| 751 |
|
|
|a Aachen
|0 (DE-588)4000003-5
|0 (DE-627)10640251X
|0 (DE-576)208836500
|4 uvp
|
| 883 |
|
|
|8 1\p
|a cgwrk
|d 20241001
|q DE-101
|u https://d-nb.info/provenance/plan#cgwrk
|
| 951 |
|
|
|a BO
|
| ELC |
|
|
|b 1
|
| LOK |
|
|
|0 000 xxxxxcx a22 zn 4500
|
| LOK |
|
|
|0 001 2191461190
|
| LOK |
|
|
|0 003 DE-627
|
| LOK |
|
|
|0 004 1099760216
|
| LOK |
|
|
|0 005 20020607000000
|
| LOK |
|
|
|0 008 940218||||||||||||||||ger|||||||
|
| LOK |
|
|
|0 040
|a DE-21-110
|c DE-627
|d DE-21-110
|
| LOK |
|
|
|0 852
|a DE-21-110
|
| LOK |
|
|
|0 852 1
|c C XVI 99
|m p
|9 00
|
| LOK |
|
|
|0 935
|a k110
|
| LOK |
|
|
|0 936ln
|a 9.6
|
| LOK |
|
|
|0 938
|k p
|
| LOK |
|
|
|0 939
|a 18-02-94
|b l01
|
| ORI |
|
|
|a SA-MARC-krimdoka001.raw
|
| SIG |
|
|
|a IFK: C XVI 99
|